| 000 | 00599nam a2200205Ia 4500 | ||
|---|---|---|---|
| 003 | OSt | ||
| 005 | 20260124114351.0 | ||
| 008 | 210210b1961 xxu||||| |||| 00| 0 eng d | ||
| 040 | _cAL | ||
| 041 | _aKannada | ||
| 082 | _a858/21 | ||
| 100 |
_aKYUNLIF MARKAS _9252594 _dಕ್ಯೂನ್ ಲಿಫ್ ಮಾರ್ಕಾಸ್ |
||
| 245 |
_aGeorge Washington _bಜಾರ್ಜ್ ವಾಷಿಂಗ್ಟನ್ |
||
| 260 |
_aBengaLUru _bVahini Prakashana _c1961 |
||
| 650 |
_avAShingTan _9252595 |
||
| 650 |
_aJArj _9252596 |
||
| 690 |
_aBiography _9252597 |
||
| 906 | _a020565 | ||
| 942 |
_2ddc _cBK |
||
| 999 |
_c144716 _d144716 |
||